Sports Quiz

Random Sports or Football Quiz

England Opponents, 2000s-2010s Quiz Stats

 Plays Quiz Updated Jul 19, 2021

Support Sporcle.
Go Orange.
Score 0/236 Timer 10:00
6 Plays Today
Conf. Nation % Correct
CONMEBOLBrazil
97.3%
CONMEBOLBrazil
97.3%
CONMEBOLBrazil
97.3%
CONMEBOLBrazil
97.3%
CONMEBOLBrazil
97.3%
UEFAGermany
97.2%
UEFAGermany
97.2%
UEFAGermany
97.2%
UEFAGermany
97.2%
UEFAGermany
97.2%
UEFAGermany
97.2%
UEFAGermany
97%
UEFAGermany
96.9%
UEFAGermany
96.8%
CONMEBOLBrazil
96.8%
CONMEBOLBrazil
96.7%
UEFAGermany
96.6%
UEFAFrance
96.3%
UEFAFrance
96.3%
UEFAFrance
96.3%
UEFAFrance
96.3%
UEFAFrance
96.3%
UEFAFrance
96.3%
UEFAFrance
96.2%
UEFASpain
96.1%
UEFASpain
96.1%
UEFASpain
96.1%
UEFASpain
96.1%
UEFASpain
96.1%
UEFASpain
95.8%
UEFASpain
95.8%
UEFASpain
95.6%
CONMEBOLArgentina
95.6%
CONMEBOLArgentina
95.6%
CONMEBOLArgentina
95.6%
UEFASpain
95.6%
CONCACAFUnited States
95.4%
CONCACAFUnited States
95.4%
CONCACAFUnited States
95.4%
UEFAItaly
95.2%
UEFAItaly
95.2%
UEFAItaly
95.2%
UEFAItaly
95.2%
UEFAPortugal
94.8%
UEFAPortugal
94.8%
UEFAPortugal
94.8%
UEFAPortugal
94.8%
UEFAPortugal
94.8%
UEFAItaly
94.8%
UEFAPortugal
94.7%
UEFAItaly
94.6%
UEFASweden
94.3%
UEFAItaly
94.3%
CONCACAFUnited States
94.3%
UEFASweden
93.7%
UEFASweden
93.7%
UEFASweden
93.7%
UEFASweden
93.7%
UEFASweden
93.7%
UEFASweden
93.7%
UEFASweden
93.7%
UEFARussia
93%
UEFARussia
93%
UEFARussia
92.9%
UEFANetherlands
92.7%
UEFARepublic of Ireland
92.4%
UEFARepublic of Ireland
92.3%
UEFABelgium
92%
UEFABelgium
92%
UEFAScotland
91.4%
UEFASwitzerland
91.1%
UEFAScotland
91%
UEFAWales
90.9%
UEFAScotland
90.8%
UEFAScotland
90.8%
UEFANetherlands
90.6%
UEFACroatia
90.5%
UEFACroatia
90.5%
UEFACroatia
90.5%
Conf. Nation % Correct
UEFANetherlands
89.8%
UEFANetherlands
89.8%
UEFANetherlands
89.8%
UEFANetherlands
89.8%
UEFANetherlands
89.8%
UEFANetherlands
89.8%
UEFANetherlands
89.6%
CONCACAFMexico
89.1%
CONCACAFMexico
89.1%
AFCAustralia
87.9%
UEFACzech Republic
87.8%
UEFACzech Republic
87.8%
OFCAustralia
87.8%
UEFANorway
87.2%
UEFADenmark
87.1%
UEFADenmark
87.1%
UEFADenmark
87.1%
UEFADenmark
87.1%
UEFADenmark
86.8%
UEFAIceland
86.8%
AFCJapan
86.4%
AFCJapan
86.4%
UEFABelgium
86.3%
UEFANorway
86.3%
UEFAWales
86%
UEFAWales
86%
UEFAWales
86%
UEFAWales
86%
UEFAPoland
85.6%
UEFAPoland
85.6%
UEFAPoland
85.6%
UEFASwitzerland
84.4%
CONMEBOLUruguay
84.3%
UEFAPoland
84.3%
UEFAGreece
84.2%
UEFAGreece
84.2%
UEFAGreece
84.2%
CONMEBOLColombia
84.1%
UEFAFinland
83.9%
UEFAFinland
83.9%
UEFASlovakia
83.8%
UEFASwitzerland
83.2%
UEFASwitzerland
83.2%
UEFASwitzerland
83.2%
UEFASwitzerland
83.2%
UEFASwitzerland
83.2%
CONMEBOLUruguay
83%
UEFASwitzerland
82.9%
UEFASlovakia
82.7%
CONMEBOLChile
82.5%
UEFASlovakia
82%
UEFACroatia
81.6%
UEFACroatia
81.6%
UEFACroatia
81.6%
UEFACroatia
81.6%
UEFACroatia
81.6%
UEFACroatia
81.6%
UEFASlovenia
81.6%
UEFASlovenia
81.6%
UEFASlovakia
81.1%
UEFASlovakia
81.1%
UEFASlovakia
81.1%
UEFABulgaria
80.7%
UEFABulgaria
80.7%
UEFASlovenia
80.4%
CAFSouth Africa
79.8%
UEFAAustria
79.7%
UEFAAustria
79.7%
UEFAAustria
79.7%
UEFAUkraine
79.4%
UEFAUkraine
79.4%
UEFAUkraine
79.4%
UEFAUkraine
79.4%
UEFAUkraine
79.4%
UEFAUkraine
79.4%
UEFASlovenia
79.4%
UEFASlovenia
79.4%
UEFAIceland
78.9%
UEFASan Marino
78.7%
Conf. Nation % Correct
UEFASan Marino
78.7%
UEFASan Marino
78.7%
CAFNigeria
78.7%
UEFATurkey
78.6%
UEFATurkey
78.6%
UEFATurkey
78.1%
UEFAUkraine
77.7%
CONMEBOLParaguay
76.6%
CONMEBOLParaguay
76.6%
UEFAMontenegro
75.6%
UEFAMontenegro
75.6%
CONMEBOLColombia
75.5%
AFCSouth Korea
75.4%
UEFACzech Republic
75.3%
UEFASan Marino
75.3%
UEFANorthern Ireland
75.2%
UEFANorthern Ireland
75.2%
UEFASerbia & Montenegro
75.1%
CAFEgypt
74.4%
CAFNigeria
74.3%
CONMEBOLPeru
73.6%
UEFAHungary
71.5%
UEFAHungary
71.5%
UEFARomania
71.5%
CONCACAFPanama
71.3%
CONCACAFCosta Rica
68.8%
CONCACAFCosta Rica
68.8%
CAFTunisia
68.3%
UEFALithuania
67.8%
UEFALithuania
67.6%
UEFALithuania
67.2%
UEFALithuania
67.2%
UEFAKosovo
67.1%
UEFAKosovo
67.1%
UEFABulgaria
67.1%
UEFABulgaria
67.1%
UEFAEstonia
66.8%
UEFAEstonia
66.8%
UEFAEstonia
66.6%
UEFAEstonia
66.6%
CAFGhana
66.4%
CAFAlgeria
66%
UEFAAndorra
65.8%
UEFAAndorra
65.8%
UEFAAndorra
65.8%
UEFAAndorra
65.8%
CONMEBOLEcuador
65.8%
CONMEBOLEcuador
64.2%
CONCACAFJamaica
64.1%
UEFAMontenegro
63.6%
UEFAMontenegro
63.6%
CAFCameroon
62.6%
UEFAMontenegro
62.2%
UEFAMontenegro
62.2%
UEFAMalta
62%
UEFAMalta
61.1%
UEFABelarus
59.9%
UEFABelarus
59.9%
UEFAMacedonia
58.9%
UEFAMacedonia
58.9%
UEFAMacedonia
58.9%
UEFAMacedonia
58.9%
UEFAAlbania
58.7%
UEFAAlbania
58.7%
CONCACAFTrinidad & Tobago
58.4%
CONCACAFTrinidad & Tobago
58.4%
UEFAMalta
56.9%
CONCACAFHonduras
55.8%
UEFAIsrael
53.9%
UEFAIsrael
53.9%
UEFAMoldova
53.7%
UEFAMoldova
52.4%
UEFALiechtenstein
48.1%
UEFALiechtenstein
48.1%
UEFAKazakhstan
39.2%
UEFAKazakhstan
39.2%
UEFAAzerbaijan
38.8%
UEFAAzerbaijan
38.8%

You're not logged in!

Compare scores with friends on all Sporcle quizzes.
OR
Log In
Forgot?

From the Vault

This or That: Seinfeld and the Yankees

by jar514

'Guys, hitting is not about muscle. It’s simple physics. Calculate the velocity, v, in relation to the trajectory, t, in which g, gravity, of course remains a constant. It’s not complicated.' - George Costanza
Remove Ads.
Support Sporcle.
Get the best of Sporcle when you Go Orange. This ad-free experience offers more features, more stats, and more fun while also helping to support Sporcle. Thank you for becoming a member.

Show Comments

Extras

Top Quizzes Today


Score Distribution

Your Account Isn't Verified!

In order to create a playlist on Sporcle, you need to verify the email address you used during registration. Go to your Sporcle Settings to finish the process.

Report this User

Report this user for behavior that violates our Community Guidelines.

Details: